[Event " Go!!"]
[Site "http://www.queenalice.com/game.php?id=1083574"]
[Date "2012.7.17"]
[Round "-"]
[White "dudu1"]
[Black "ErasmudoPorto"]
[Result "1-0"]
[WhiteElo "1974"]
[BlackElo "2076"]

1. d4 Nf6 2. c4 d6 3. Nc3 Nbd7 4. e4 e5 5. d5 Be7 6. Be2 O-O 7. Nf3 c6 8. b3 Qc7
9. O-O a5 10. Ba3 Rd8 11. h3 Rb8 12. Qd2 h6 13. Nh2 Kh8 14. Ng4 cxd5 15. Nxf6
Nxf6 16. Nxd5 Nxd5 17. exd5 Rf8 18. Bh5 f5 19. Bb2 Bg5 20. Qe1 b6 21. Rc1 Qe7
22. Rc3 Bd7 23. Bc1 Rb7 24. Qd1 Qf6 25. Bxg5 Qxg5 26. Rg3 Qf6 27. f4 e4 28. Rg6
Qc3 29. Rxd6 Be8 30. Bxe8 Rxe8 31. Qe2 Qd4+ 32. Kh1 Rbe7 33. Rd1 Qc5 34. Rc6 Qb4
35. Qe3 Rb7 36. Qd4 Qe7 37. Rxh6+ Kg8 38. Re6 1-0

[Event "Challenge"]
[Site "http://www.queenalice.com/game.php?id=1097167"]
[Date "2012.8.28"]
[Round "-"]
[White "kaskarker"]
[Black "dudu1"]
[Result "0-1"]
[WhiteElo "1833"]
[BlackElo "2008"]

1. Nf3 c5 2. g3 d5 3. Bg2 e6 4. O-O Nc6 5. b3 Nf6 6. Bb2 Be7 7. d4 O-O 8. Na3 a6
9. c4 Qa5 10. dxc5 Qxc5 11. Nc2 Rd8 12. Ba3 Qa7 13. Bxe7 Nxe7 14. Ne5 Nc6 15.
Nxc6 bxc6 16. Nb4 Qb6 17. Qe1 a5 18. Nd3 dxc4 19. bxc4 Bb7 20. Rb1 Qc7 21. Nc5
Bc8 22. e4 Qe5 23. Rd1 Rxd1 24. Qxd1 Qxc5 25. Qd8+ Qf8 26. Rd1 Ba6 27. Qb6 Bxc4
28. Qxc6 Bxa2 29. e5 Rc8 30. Qa4 Bd5 31. exf6 Bxg2 32. fxg7 Qxg7 33. Kxg2 Qg5
34. Rd4 h5 35. h4 Qf5 36. Qd7 Qc5 37. Ra4 Ra8 38. Rf4 Qd5+ 39. Qxd5 exd5 40. Ra4
Kg7 41. Kf3 Kf6 42. Kf4 Ke6 43. Ke3 Kd6 44. Kd4 Kc6 45. Kc3 Kb5 46. Rd4 Rc8+ 47.
Kb3 Rb8 48. Rxd5+ Kc6+ 49. Kc4 Rb4+ 0-1

[Event "Challenge"]
[Site "http://www.queenalice.com/game.php?id=1098420"]
[Date "2012.8.31"]
[Round "-"]
[White "betofortaleza"]
[Black "dudu1"]
[Result "0-1"]
[WhiteElo "1956"]
[BlackElo "1994"]

1. e4 c5 2. e5 Nc6 3. f4 d6 4. Bb5 Bd7 5. Nf3 dxe5 6. fxe5 e6 7. d3 Nd4 8. Nxd4
Qh4+ 9. g3 Qxd4 10. Bxd7+ Qxd7 11. Qf3 Ne7 12. Nc3 Ng6 13. Bg5 Be7 14. Be3 O-O
15. Qe4 Rac8 16. h4 Qc6 17. O-O-O Qxe4 18. Nxe4 Nxe5 19. d4 Ng4 20. Bg1 cxd4 21.
Bxd4 Rc4 22. Nf2 Nf6 23. b3 Rc6 24. Bxa7 Ra6 25. Bd4 Rxa2 26. h5 Rc8 27. Rd2 h6
28. Kb1 Rca8 29. Rh4 R2a5 30. g4 Ne4 31. Nxe4 Bxh4 32. Nd6 Bg5 33. Rf2 f6 34.
Nxb7 Rd5 35. Bc3 Rd1+ 36. Kb2 Bc1+ 0-1

[Event "Parnaíba!"]
[Site "http://www.queenalice.com/game.php?id=1102105"]
[Date "2012.9.11"]
[Round "-"]
[White "ErasmudoPorto"]
[Black "dudu1"]
[Result "0-1"]
[WhiteElo "2010"]
[BlackElo "2033"]

1. f4 e6 2. g3 Nf6 3. Nf3 Bc5 4. d4 Bb6 5. Bg2 d6 6. c3 Nbd7 7. O-O O-O 8. Be3
c5 9. Bf2 cxd4 10. cxd4 Ng4 11. e3 Nxf2 12. Rxf2 Nf6 13. Rc2 Nd5 14. Qe2 e5 15.
Nc3 Nxc3 16. Rxc3 Bg4 17. fxe5 dxe5 18. dxe5 Re8 19. Rd1 Qe7 20. h3 Bxf3 21.
Qxf3 Rad8 22. Rcd3 Rxd3 23. Rxd3 Qxe5 24. Rd7 Qxe3+ 25. Qxe3 Rxe3 26. Kh2 Re2
27. Rxb7 g6 28. h4 Rxb2 29. Kh3 Rf2 30. Bd5 h5 31. g4 hxg4+ 32. Kxg4 Kg7 33. h5
gxh5+ 34. Kg5 Bd8+ 35. Kxh5 Rf5+ 36. Kg4 Rxd5 37. Rxa7 Rd4+ 38. Kf3 Bb6 39. Ra6
Bd8 40. Ke3 Rd5 41. Rc6 Ra5 42. Rc2 Kf6 43. Rf2+ Ke6 44. Kd3 f5 45. Kc4 Ke5 46.
Kb4 Ke4 47. Rd2 Rd5 48. Re2+ Kf3 49. Rc2 f4 50. a4 Kg3 0-1

[Event "Parnaíba!"]
[Site "http://www.queenalice.com/game.php?id=1102106"]
[Date "2012.9.11"]
[Round "-"]
[White "dudu1"]
[Black "ErasmudoPorto"]
[Result "1-0"]
[WhiteElo "2017"]
[BlackElo "2022"]

1. d4 f5 2. c4 g6 3. e3 Bg7 4. Nf3 Nf6 5. Be2 O-O 6. b3 d5 7. c5 b6 8. b4 Ba6 9.
Bxa6 Nxa6 10. a3 bxc5 11. bxc5 Ne4 12. Ra2 Rb8 13. Rb2 Rxb2 14. Bxb2 Naxc5 15.
O-O c6 16. Qc2 Qb8 17. Nbd2 Qb5 18. Rb1 Nd3 19. Bc3 Qa6 20. Bb4 Rf7 21. Rf1 e5
22. Nxe5 Nxe5 23. dxe5 Bxe5 24. Nxe4 fxe4 25. Rc1 Rc7 26. Qc5 Qc8 27. Ba5 Rb7
28. Qxd5+ cxd5 29. Rxc8+ Kf7 30. g3 Rb3 31. Bb4 a5 32. Bxa5 Rxa3 33. Bd8 Rc3 34.
Ra8 h5 35. Ra7+ Ke6 36. Re7+ Kd6 37. Rf7 Rc2 38. Bg5 Ke6 39. Ra7 Kf5 40. Bd8 Kg4
41. Kg2 d4 42. Rf7 Rxf2+ 43. Kxf2 1-0

[Event "Challenge"]
[Site "http://www.queenalice.com/game.php?id=1137166"]
[Date "2013.1.4"]
[Round "-"]
[White "eddval"]
[Black "dudu1"]
[Result "1-0"]
[WhiteElo "2093"]
[BlackElo "2001"]

1. e4 c5 2. Nf3 d6 3. d4 cxd4 4. Nxd4 Nf6 5. Nc3 Bd7 6. Be2 Nc6 7. Bg5 e5 8. Nb3
Be7 9. O-O O-O 10. Qd2 a6 11. Rad1 Be6 12. h3 Rc8 13. Kh2 Qc7 14. Nd5 Bxd5 15.
exd5 Ne4 16. Qe3 Nxg5 17. dxc6 Qxc6 18. c3 Ne6 19. Bf3 Qc7 20. Bd5 Nc5 21. Rfe1
h6 22. Nxc5 Qxc5 23. Bxb7 Rb8 24. Qxc5 dxc5 25. Bxa6 Rxb2 26. Rxe5 Rxa2 27. Rxe7
Rxa6 28. Rc7 Ra5 29. Rd5 Re8 30. Rdxc5 Rxc5 31. Rxc5 Re2 32. Kg3 Kf8 33. Rc7 Ke8
34. Kf3 Re1 35. h4 g6 36. g3 Re7 37. Rxe7+ Kxe7 38. Ke4 1-0

[Event "Challenge"]
[Site "http://www.queenalice.com/game.php?id=1151360"]
[Date "2013.2.12"]
[Round "-"]
[White "eddval"]
[Black "dudu1"]
[Result "1-0"]
[WhiteElo "2134"]
[BlackElo "2012"]

1. e4 c5 2. c4 d6 3. Ne2 Bd7 4. d4 cxd4 5. Nxd4 Nc6 6. Be3 Nf6 7. Nc3 e5 8. Nb3
a6 9. Be2 Be7 10. O-O Rc8 11. Qd2 O-O 12. Rfd1 Be6 13. Rac1 Nd7 14. Nd5 f5 15.
Nxe7+ Qxe7 16. Qxd6 f4 17. Bc5 Nxc5 18. Nxc5 Qxd6 19. Rxd6 Nd4 20. Rxd4 Rxc5 21.
Rd6 Bf7 22. Rd7 b5 23. b4 Rc6 24. c5 Re8 25. a3 h6 26. Rcd1 Kf8 27. Ra7 Re7 28.
Rd8+ Be8 29. Raa8 Rce6 30. Bg4 Rf6 31. Bd7 1-0

[Event "Italy = shit"]
[Site "http://www.queenalice.com/game.php?id=1172505"]
[Date "2013.4.17"]
[Round "-"]
[White "ernesto_che"]
[Black "dudu1"]
[Result "1-0"]
[WhiteElo "2068"]
[BlackElo "2026"]

1. Nf3 e6 2. c4 Nf6 3. Nc3 g6 4. e4 d6 5. d4 Bg7 6. Be3 Nbd7 7. h3 O-O 8. e5
dxe5 9. dxe5 Ne8 10. Be2 Kh8 11. Qd2 c6 12. O-O Qc7 13. Bf4 Nxe5 14. Nxe5 Bxe5
15. Bxe5+ Qxe5 16. Rad1 Kg7 17. Rfe1 Nf6 18. Bf3 Qc7 19. Qd4 c5 20. Nb5 Qb6 21.
Qe5 a6 22. Nc3 Qxb2 23. Re2 Qb6 24. Ne4 Rd8 25. Qxf6+ 1-0

[Event "Challenge"]
[Site "http://www.queenalice.com/game.php?id=1265588"]
[Date "2014.3.16"]
[Round "-"]
[White "ErasmudoPorto"]
[Black "dudu1"]
[Result "0-1"]
[WhiteElo "1685"]
[BlackElo "1989"]

1. e4 c6 2. d4 d5 3. Nd2 dxe4 4. Nxe4 Bf5 5. Ng3 Bg6 6. Nh3 e6 7. Bd3 Bxd3 8.
Qxd3 Qc7 9. O-O Bd6 10. Ne4 Bxh2+ 11. Kh1 Bd6 12. Nxd6+ Qxd6 13. Bf4 Qd7 14. Ng5
Nf6 15. Rfe1 Kf8 16. c4 h6 17. Nf3 Ng4 18. Re2 Na6 19. Qa3+ Kg8 20. Ne5 Qxd4 21.
Qg3 h5 22. Rd2 Qe4 23. Rd7 Rf8 24. Rad1 Nc5 25. Rd8 Rxd8 26. Rxd8+ Kh7 27. Rxh8+
Kxh8 28. Nxg4 hxg4 29. Qh4+ Qh7 30. Qxh7+ Kxh7 31. Be3 Nd3 32. b3 Kg6 33. Bxa7
Kf5 34. Kg1 Ke4 35. a3 Nc1 36. b4 Kd3 37. Be3 Nb3 38. c5 Kc4 39. Kf1 Kb5 0-1

[Event "Challenge"]
[Site "http://www.queenalice.com/game.php?id=1265589"]
[Date "2014.3.16"]
[Round "-"]
[White "dudu1"]
[Black "ErasmudoPorto"]
[Result "1/2-1/2"]
[WhiteElo "1993"]
[BlackElo "1654"]

1. e4 e6 2. d4 d5 3. Nc3 c5 4. Nf3 Nc6 5. Bb5 Bd7 6. Bxc6 Bxc6 7. Be3 dxe4 8.
Ne5 Qb6 9. Nxc6 Qxc6 10. Ne2 Rd8 11. O-O Nf6 12. h3 Be7 13. Qe1 O-O 14. a4 Rd7
15. Qa5 b6 16. Qb5 Qc7 17. c4 Ne8 18. a5 cxd4 19. Nxd4 Nd6 20. axb6 axb6 21. Qc6
Nxc4 22. Qxc7 Rxc7 23. Rfc1 Rfc8 24. Nb5 Rd7 25. b3 Nd6 26. Nxd6 Rxc1+ 27. Rxc1
Bxd6 28. Bxb6 h6 29. Be3 Rb7 30. Rb1 Kf8 31. Kf1 Ke7 32. Ke2 Kf6 33. Kd2 g5 34.
Kc3 Ke5 35. Rd1 Rc7+ 36. Kb2 Bb4 1/2-1/2

[Event "AUTO-ADV-3170"]
[Site "http://www.queenalice.com/game.php?id=1289525"]
[Date "2014.6.20"]
[Round "1"]
[White "Betim_Xadrez"]
[Black "dudu1"]
[Result "0-1"]
[WhiteElo "1744"]
[BlackElo "1991"]

1. e4 d6 2. d4 Nf6 3. Nc3 g6 4. Bg5 Bg7 5. Nf3 O-O 6. Bd3 Bg4 7. O-O Nc6 8. d5
Bxf3 9. Qxf3 Ne5 10. Qe3 h5 11. Bh6 Nfg4 12. Bxg7 Nxe3 13. Bxf8 Nxf1 14. Bh6
Nxd3 15. cxd3 c5 16. Rxf1 f6 17. Be3 Qb6 18. Rb1 Qa6 19. d4 cxd4 20. Bxd4 Rc8
21. h3 Rc4 22. Be3 b5 23. a3 b4 24. axb4 Rxb4 25. Kh2 Qb7 26. Kg3 Rxb2 27. Rxb2
Qxb2 28. Nd1 Qa1 29. f4 Qxd1 30. Bxa7 Qd3+ 0-1

[Event "AUTO-ADV-3170"]
[Site "http://www.queenalice.com/game.php?id=1289526"]
[Date "2014.6.20"]
[Round "1"]
[White "dudu1"]
[Black "Betim_Xadrez"]
[Result "1-0"]
[WhiteElo "1997"]
[BlackElo "1797"]

1. d4 d5 2. c4 e6 3. Nc3 Bb4 4. Qc2 Nc6 5. Bf4 Nxd4 6. Qd1 dxc4 7. e3 Nc6 8.
Bxc4 a6 9. Qxd8+ Nxd8 10. Bxc7 Nf6 11. Bxd8 Bxc3+ 12. bxc3 Kxd8 13. Nf3 Ke7 14.
O-O Rd8 15. Rad1 b5 16. Rxd8 Kxd8 17. Bd3 Bb7 18. Ng5 Ke7 19. Rb1 h6 20. Nh3 Nd5
21. Be4 Rb8 22. Bxd5 Bxd5 23. a4 f5 24. axb5 axb5 25. Nf4 Be4 26. Rb2 Kd6 27. f3
Bc6 28. Kf2 e5 29. Nd3 e4 30. Nb4 exf3 31. gxf3 Kc5 32. Na6+ 1-0

[Event "AUTO-ADV-3170"]
[Site "http://www.queenalice.com/game.php?id=1289541"]
[Date "2014.6.20"]
[Round "1"]
[White "ACamargo"]
[Black "dudu1"]
[Result "0-1"]
[WhiteElo "1603"]
[BlackElo "1989"]

1. d4 Nf6 2. c4 e6 3. Nf3 Bb4+ 4. Bd2 Bxd2+ 5. Nbxd2 d5 6. e3 Nc6 7. a3 b6 8. b4
O-O 9. c5 bxc5 10. dxc5 a6 11. Bd3 Qe7 12. O-O Bd7 13. Qc2 e5 0-1

[Event "AUTO-ADV-3170"]
[Site "http://www.queenalice.com/game.php?id=1289542"]
[Date "2014.6.20"]
[Round "1"]
[White "dudu1"]
[Black "ACamargo"]
[Result "1-0"]
[WhiteElo "1987"]
[BlackElo "1605"]

1. d4 d5 2. Nf3 e6 3. e3 Nf6 4. Nc3 c5 5. Bb5+ Bd7 6. a4 a6 7. Bxd7+ Nbxd7 8.
dxc5 Bxc5 9. O-O O-O 10. Bd2 h6 11. Rb1 Re8 12. a5 e5 13. b4 Bd6 14. Be1 e4 15.
Nd4 1-0

[Event "AUTO-ADV-3170"]
[Site "http://www.queenalice.com/game.php?id=1289553"]
[Date "2014.6.20"]
[Round "1"]
[White "dudu1"]
[Black "tango2011"]
[Result "1-0"]
[WhiteElo "1979"]
[BlackElo "1716"]

1. d4 d5 2. c4 dxc4 3. e3 b5 4. Nc3 a6 5. Qf3 c6 6. a4 bxa4 7. Bxc4 e6 8. Rxa4
a5 9. Nge2 Nd7 10. Qxc6 Bb7 11. Qxb7 Rb8 12. Qf3 Ngf6 13. O-O Bb4 14. Bb5 O-O
15. Bxd7 Qxd7 16. b3 Bxc3 17. Nxc3 Rxb3 18. Ra3 Rxa3 19. Bxa3 Rb8 20. Ra1 g6 21.
Qxf6 Rc8 22. Ne4 Rc6 23. Rb1 Qc7 24. Ng5 e5 25. Rb8+ 1-0

[Event "AUTO-ADV-3170"]
[Site "http://www.queenalice.com/game.php?id=1289554"]
[Date "2014.6.20"]
[Round "1"]
[White "tango2011"]
[Black "dudu1"]
[Result "0-1"]
[WhiteElo "1668"]
[BlackElo "1984"]

1. d4 e6 2. e3 Nf6 3. Nf3 Nc6 4. Bb5 a6 5. Bxc6 bxc6 6. O-O Be7 7. b3 O-O 8. Ba3
Bxa3 9. Nxa3 a5 10. Nc4 Ba6 11. Re1 a4 12. Nb2 axb3 13. axb3 Bb7 14. Ne5 d6 15.
Nec4 Nd5 16. Na5 Ba6 17. Nxc6 Qd7 18. Na5 Nc3 19. Qd2 Ne4 20. Qc1 Qb5 21. Nac4
Bb7 22. Na3 Qc6 23. Nbc4 Nxf2 24. e4 Nxe4 25. Ne3 Ng5 26. Nac4 Rxa1 27. Qxa1 Ra8
28. Qb2 f5 29. c3 f4 30. Ng4 f3 31. Nge3 fxg2 32. Qxg2 Nf3+ 0-1

[Event "AUTO-ADV-3170"]
[Site "http://www.queenalice.com/game.php?id=1306691"]
[Date "2014.9.7"]
[Round "2"]
[White "dudu1"]
[Black "brigador"]
[Result "1-0"]
[WhiteElo "2005"]
[BlackElo "2054"]

1. d4 f5 2. c4 Nf6 3. Nc3 d5 4. e3 e6 5. cxd5 exd5 6. Qb3 c6 7. Nf3 Bd6 8. Bd3
O-O 9. O-O Qc7 10. Ne2 Re8 11. Ng3 f4 12. exf4 Bxf4 13. Bxf4 Qxf4 14. Rfe1 b6
15. Qc2 Bb7 16. Rxe8+ Nxe8 17. Bxh7+ Kh8 18. Re1 Nd7 19. Qg6 Qd6 20. Rxe8+ 1-0

[Event "AUTO-ADV-3170"]
[Site "http://www.queenalice.com/game.php?id=1306692"]
[Date "2014.9.7"]
[Round "2"]
[White "brigador"]
[Black "dudu1"]
[Result "1/2-1/2"]
[WhiteElo "2015"]
[BlackElo "2034"]

1. e4 d6 2. d4 Nf6 3. Nc3 g6 4. Nf3 Bg4 5. Be2 Bg7 6. h3 Bxf3 7. Bxf3 O-O 8. Bg5
Nbd7 9. Qd2 c6 10. Bh6 Qb6 11. b3 Bxh6 12. Qxh6 Qxd4 13. Qd2 Qxd2+ 14. Kxd2 Ne5
15. Be2 d5 16. exd5 cxd5 17. Bb5 d4 18. Ne2 Ne4+ 19. Ke1 Rac8 20. Nxd4 Rfd8 21.
Nf3 Nxf3+ 22. gxf3 Ng5 23. Bd3 Nxf3+ 24. Kf1 e5 25. Kg2 Nd4 26. Rad1 f5 27. Bc4+
Kg7 28. c3 Nc6 29. Be6 Rc7 30. Rxd8 Nxd8 31. Bc4 e4 32. Rd1 Nc6 33. Be2 Ne5 34.
Rd5 Kf6 35. c4 Re7 36. Rd6+ Kg5 37. Rd2 Nd7 38. b4 Nf6 39. c5 e3 40. Rd4 exf2
41. h4+ Kh6 42. Kxf2 Re4 43. Rxe4 Nxe4+ 44. Ke3 Nc3 45. Bc4 g5 46. Kd4 Ne4 47.
hxg5+ Kxg5 48. Bd5 h5 49. Bxb7 h4 50. Bxe4 fxe4 51. c6 h3 52. c7 h2 53. c8=Q
h1=Q 54. Qg8+ Kf6 55. Qf8+ Ke6 56. Qe8+ Kd6 57. Qb8+ Ke6 58. Qe5+ Kd7 59. Qd5+
Kc7 60. Qe5+ Kd7 61. Qf5+ Ke7 62. Qxe4+ Qxe4+ 63. Kxe4 Kd6 64. a4 Kc6 65. Kd4 a5
66. b5+ Kb6 67. Kd5 Kc7 68. Ke6 Kb7 69. Kd6 Kb6 70. Kd5 Kc7 71. Kc5 Kb7 72. Kd6
Kb6 73. Kd5 Kc7 74. Kd4 Kd6 75. Kc4 Kc7 1/2-1/2

[Event "AUTO-ADV-3170"]
[Site "http://www.queenalice.com/game.php?id=1306693"]
[Date "2014.9.7"]
[Round "2"]
[White "dudu1"]
[Black "Abstro"]
[Result "1-0"]
[WhiteElo "2023"]
[BlackElo "1961"]

1. d4 d5 2. c4 e6 3. cxd5 exd5 4. Bd2 Nf6 5. Nc3 Nc6 6. e3 a6 7. Nf3 Be7 8. a3
O-O 9. Bd3 Be6 10. e4 dxe4 11. Nxe4 Bd5 12. Nxf6+ Bxf6 13. O-O Nxd4 14. Nxd4
Bxd4 15. Qc2 g6 16. Rac1 c5 17. Bh6 Re8 18. Rcd1 b6 19. Qd2 f6 20. Qc2 f5 21.
Bc4 b5 22. Bxd5+ Qxd5 23. Rd2 Qe5 24. g3 Rad8 25. Rfd1 Kf7 26. Bg5 Rc8 27. Qb3+
Kg7 28. Qf3 Ra8 29. b4 Rac8 30. bxc5 Bxc5 31. Rd7+ Kg8 32. Bf4 Qe4 33. Qb3+ Qe6
34. Qb2 Re7 35. Rd8+ Re8 36. Bh6 Rc7 37. Rxe8+ Qxe8 38. Qf6 Re7 39. Kg2 Rf7 40.
Qxa6 Be7 41. Rc1 Rf6 42. Qb7 Rf7 43. Rc8 Bd8 44. Qxb5 Rd7 45. Bg5 f4 46. Qxd7
1-0

[Event "AUTO-ADV-3170"]
[Site "http://www.queenalice.com/game.php?id=1306694"]
[Date "2014.9.7"]
[Round "2"]
[White "Abstro"]
[Black "dudu1"]
[Result "1/2-1/2"]
[WhiteElo "1953"]
[BlackElo "2037"]

1. d4 Nf6 2. c4 d5 3. e3 e6 4. a3 c5 5. Nf3 Be7 6. Nc3 Nc6 7. Be2 O-O 8. O-O
cxd4 9. Nxd4 Nxd4 10. exd4 Bd7 11. c5 b6 12. b4 bxc5 13. dxc5 a6 14. Bb2 Rb8 15.
Rb1 Bb5 16. Bxb5 axb5 17. Qe2 Qd7 18. h3 Ne8 19. Bc1 Bf6 20. Bf4 Rb7 21. Nd1 Ra7
22. Rb3 Nc7 23. Nc3 Rfa8 24. Bxc7 Bxc3 25. Rxc3 Rxc7 26. Ra1 Qc6 27. Qb2 Rd7 28.
Rg3 g6 29. Qf6 d4 30. Rd3 Qe4 31. Rad1 Rad8 32. Kf1 Qc6 33. Rxd4 Rxd4 34. Rxd4
Rxd4 35. Qxd4 h5 36. f3 Kf8 37. Ke2 Ke7 38. Kd2 Qd7 39. Kc3 Qxd4+ 40. Kxd4 Kd7
41. Ke5 Ke7 42. c6 f6+ 43. Kd4 Kd6 44. c7 e5+ 45. Kd3 Kxc7 46. f4 Kd6 47. g3 Kd5
48. fxe5 fxe5 49. g4 hxg4 50. hxg4 e4+ 51. Ke3 g5 52. Ke2 Kc4 53. Ke3 Kb3 54.
Kxe4 Kxa3 55. Kf5 Kxb4 56. Kxg5 Kc5 57. Kh6 b4 58. g5 b3 59. g6 b2 60. g7 b1=Q
61. g8=Q Qh1+ 1/2-1/2

[Event "AUTO-ADV-3170"]
[Site "http://www.queenalice.com/game.php?id=1306696"]
[Date "2014.9.7"]
[Round "2"]
[White "Nostahlgico"]
[Black "dudu1"]
[Result "0-1"]
[WhiteElo "1903"]
[BlackElo "2044"]

1. e4 c6 2. d4 d5 3. Nc3 dxe4 4. Nxe4 Bf5 5. Ng3 Bg6 6. Bd3 Bxd3 7. Qxd3 e6 8.
Nf3 Nf6 9. Bd2 Bd6 10. Bg5 Bxg3 11. hxg3 Nbd7 12. O-O-O Qa5 13. Kb1 h6 14. Bxf6
Nxf6 15. Ne5 Nd5 16. Nc4 Qc7 17. Qa3 Kd7 18. Ne5+ Kc8 19. Rhe1 Re8 20. f4 a5 0-1